Japan 1980/81 politics and economy
Tallennettuna:
| Päätekijä: | |
|---|---|
| Aineistotyyppi: | Kirja |
| Kieli: | Undetermined |
| Julkaistu: |
Hongkong
Maruzen Asia
1981
|
| Aiheet: | |
| Tagit: |
Lisää tagi
Ei tageja, Lisää ensimmäinen tagi!
|
| Thư viện lưu trữ: | Trung tâm Học liệu Trường Đại học Cần Thơ |
|---|
| LEADER | 00458nam a2200181Ia 4500 | ||
|---|---|---|---|
| 001 | CTU_86338 | ||
| 008 | 210402s9999 xx 000 0 und d | ||
| 082 | |a 330 | ||
| 082 | |b P748 | ||
| 100 | |a Pohl, Manfred | ||
| 245 | 0 | |a Japan 1980/81 politics and economy | |
| 245 | 0 | |c Manfred Pohl | |
| 260 | |a Hongkong | ||
| 260 | |b Maruzen Asia | ||
| 260 | |c 1981 | ||
| 650 | |a Economic | ||
| 904 | |i Năm | ||
| 980 | |a Trung tâm Học liệu Trường Đại học Cần Thơ | ||